Terapia clinica delle malattie da zoo-parassiti dell'uomo (Record no. 38375)

MARC details
000 -LEADER
fixed length control field 00711cam a22002171 4500
001 - CONTROL NUMBER
control field med47001704
003 - CONTROL NUMBER IDENTIFIER
control field DLC
005 - DATE AND TIME OF LATEST TRANSACTION
control field 20260227111603.0
008 - FIXED-LENGTH DATA ELEMENTS--GENERAL INFORMATION
fixed length control field 810815s1944 xx a 000 0 ita
010 ## - LIBRARY OF CONGRESS CONTROL NUMBER
LC control number med47001704
035 ## - SYSTEM CONTROL NUMBER
System control number (OCoLC)14747683
040 ## - CATALOGING SOURCE
Original cataloging agency DLC
Transcribing agency DNLM
Modifying agency DLC
042 ## - AUTHENTICATION CODE
Authentication code premarc
050 00 - LIBRARY OF CONGRESS CALL NUMBER
Classification number RC220
Item number .V3
060 0# - NATIONAL LIBRARY OF MEDICINE CALL NUMBER
Classification number WC 695
Item number V268t 1944
100 1# - MAIN ENTRY--PERSONAL NAME
Personal name Vanni, Vittorio.
245 10 - TITLE STATEMENT
Title Terapia clinica delle malattie da zoo-parassiti dell'uomo
Remainder of title (con brevi note clinico-diagnostiche e 37 figure intercalate nel testo)
Statement of responsibility, etc. Prefazione del prof. Vittorio Puntoni.
260 ## - PUBLICATION, DISTRIBUTION, ETC.
Place of publication, distribution, etc. Roma,
Name of publisher, distributor, etc. Editrice nazionale
Date of publication, distribution, etc. [1944]
300 ## - PHYSICAL DESCRIPTION
Extent 2 p. l., 7-256 p.
Other physical details ill.
440 #0 - SERIES STATEMENT/ADDED ENTRY--TITLE
Title Studi di medicina e biologia

No items available.

Powered by Koha